The HR Guide to Organisational Change. (Record no. 348921)
[ view plain ]
| 000 -LEADER | |
|---|---|
| fixed length control field | 00432 a2200157 4500 |
| 020 ## - INTERNATIONAL STANDARD BOOK NUMBER | |
| International Standard Book Number | 8179923819 |
| 082 ## - DEWEY DECIMAL CLASSIFICATION NUMBER | |
| Classification number | 658.4 |
| 090 ## - LOCALLY ASSIGNED LC-TYPE CALL NUMBER (OCLC); LOCAL CALL NUMBER (RLIN) | |
| -- | 6563 |
| -- | 6563 |
| 100 ## - MAIN ENTRY--PERSONAL NAME | |
| Personal name | Clutterbuck,David |
| 245 ## - TITLE STATEMENT | |
| Title | The HR Guide to Organisational Change. |
| Remainder of title | Managing Work Life Balance. |
| Statement of responsibility, etc. | David Clutterbuck. |
| 250 ## - EDITION STATEMENT | |
| Edition statement | 1st. |
| 260 ## - PUBLICATION, DISTRIBUTION, ETC. | |
| Place of publication, distribution, etc. | Delhi. |
| Name of publisher, distributor, etc. | Jaico Publishing House. |
| Date of publication, distribution, etc. | 2004. |
| 300 ## - PHYSICAL DESCRIPTION | |
| Extent | 196p. |
| 500 ## - GENERAL NOTE | |
| General note | Hard cover. |
| 942 ## - ADDED ENTRY ELEMENTS (KOHA) | |
| Institution code [OBSOLETE] | NBS |
| Koha item type | Book |
| Call number prefix | 658.4 CLU |
| Withdrawn status | Lost status | Damaged status | Not for loan | Permanent Location | Current Location | Date acquired | Total Checkouts | Full call number | Barcode | Date last seen | Price effective from | Koha item type | Source of classification or shelving scheme | Collection code | Shelving location |
|---|---|---|---|---|---|---|---|---|---|---|---|---|---|---|---|
| Central Library (CL) | Central Library (CL) | 08/28/2013 | 658.4 CLU | NBSP-188 | 08/28/2013 | 08/28/2013 | Book | ||||||||
| Central Library (CL) | Central Library (CL) | 09/28/2016 | 658.4 CLU 2004 | NBSP-186 | 09/28/2016 | 09/28/2016 | Book | General Stacks | |||||||
| Central Library (CL) | Central Library (CL) | 09/28/2016 | 658.4 CLU 2004 | NBSP-187 | 09/28/2016 | 09/28/2016 | Book | General Stacks |
